000 00650 a2200193 4500
999 _c301
_d301
008 200207b ||||| |||| 00| 0 eng d
020 _a9781408175965
082 0 0 _a623.87
_bJ124
100 _aJackson, Leslie
_91242
245 _aReed's Vol.8: General engineering knowledge for marine engineers /
_cLeslie Jackson, Paul Anthony Russell, and Thomas D. Morton
250 _a4th ed.
260 _bAdlard Coles Nautical,
_aLondon:
_c2013.
300 _aviii, 574 p.
490 0 _aReeds Marine Engineering and Technology;
_v8
650 0 _aMarine Engineering
700 _91537
_aRussell, Paul A.
700 _9932
_aMorton, Thomas D.
942 _2ddc
_cBK